| 000 | 00818nam a22002657a 4500 | ||
|---|---|---|---|
| 001 | 9120 | ||
| 003 | FISKH | ||
| 005 | 20251124101126.0 | ||
| 008 | 251124b cb ||||| |||| 00| 0 eng d | ||
| 020 | _a9780478029246 | ||
| 040 |
_aFISKH _beng _cFISKH _dFISKH |
||
| 050 | _aPZ7.B9827 F | ||
| 082 | _a428.62 | ||
| 100 | _aBuxton, Jane | ||
| 245 |
_aFar away moon / _cby Jane Buxton ; Illustrated by Karen Oppatt |
||
| 260 |
_aWellington : _bLearning Media, _c1996. |
||
| 300 |
_a12 pages : _bcolor illustrations ; _c19 x 21 cm |
||
| 505 | _aE | ||
| 520 | _aReading Science is an ideal resource to develop non-fiction reading skills across a range of text types. | ||
| 521 | 8 |
_a180
_bLexile |
|
| 521 | 8 |
_aE
_bRaz-Plus |
|
| 700 |
_aOppatt, Karen _eillustrator |
||
| 942 |
_2ddc _cBK _n0 |
||
| 999 |
_c9120 _d9120 |
||